Anatomia ecológica foliar de Myrcia guianensis (Aubl.) DC. na Restinga (Registro n. 300159)
[ somente texto ]
| 000 -LÍDER | |
|---|---|
| fixed length control field | 04175nab a2200301 i 4500 |
| 003 - CÓDIGO MARC DA AGÊNCIA CATALOGADORA | |
| Campo de controle | BR-BrBNA |
| 005 - DATA E HORA DA ÚLTIMA ATUALIZAÇÃO | |
| Campo de controle | 20240620134435.0 |
| 008 - CAMPO DE TAMANHO FIXO | |
| fixed length control field | 240620b2020 bl.qr|pooa||| 00| 0 por | |
| 040 ## - FONTE DA CATALOGAÇÃO | |
| Agência catalogadora | BR-BrBNA |
| Idioma da catalogação | por |
| 072 ## - CATEGORIA AGRIS | |
| Código AGRIS | F50 |
| 100 ## - ENTRADA PRINCIPAL - NOME PESSOAL | |
| Nome pessoal | Lemos, Viviane de Oliveira Thomaz |
| 100 ## - ENTRADA PRINCIPAL - NOME PESSOAL | |
| Nome pessoal | Lucena, Eliseu Marlônio Pereira de |
| 100 ## - ENTRADA PRINCIPAL - NOME PESSOAL | |
| Nome pessoal | Bonilla, Oriel Herrera |
| 100 ## - ENTRADA PRINCIPAL - NOME PESSOAL | |
| Nome pessoal | Edson-Chaves, Bruno |
| 100 ## - ENTRADA PRINCIPAL - NOME PESSOAL | |
| Código relacionador | Freitas, Morgana Andrade |
| 245 ## - TÍTULO PRINCIPAL | |
| Título principal | Anatomia ecológica foliar de Myrcia guianensis (Aubl.) DC. na Restinga |
| 500 ## - NOTA GERAL | |
| Nota geral | Publicação on-line; 49 ref.; 2 tables; 3 illus.; Summaries (En, Pt) |
| 942 ## - ADDED ENTRY ELEMENTS (KOHA) | |
| Koha item type | |
| 520 ## - NOTA DE RESUMO | |
| Nota de conteúdo | <br/><br/>Resumo<br/><br/>A anatomia foliar ecológica do gênero Myrcia DC. ainda é pouco estudada. A espécie Myrcia guianensis<br/>(Aubl.) DC., popularmente conhecida como mapirunga, ocorre em região de litoral no estado do Ceará e<br/>possui importância ecológica e potencial medicinal. Objetivou-se caracterizar a anatomia foliar ecológica<br/>dessa espécie nas estações de chuva e seca, bem como, ao sol e à sombra na Restinga cearense. Para isso,<br/>foram realizadas coletas no Jardim Botânico de São Gonçalo de folhas totalmente expandidas e fixadas<br/>em FAA70, sendo substituído por etanol 70% após 24 horas. Seguiu-se para os procedimentos anatômicos<br/>usuais no Laboratório de Ecologia da Universidade Estadual do Ceará, a fim de analisar qualitativamente<br/>e quantitativamente as estruturas da lâmina foliar, pecíolo e paradérmico. Como resultados obteve-se a<br/>presença de características que contribuem para sua sobrevivência em ambiente de Restinga com períodos<br/>de deficit hídrico e alta taxa de luminosidade, tais como: presença de cutícula levemente espessa, folha<br/>hipoestomática, aumento da densidade estomática em folhas de sol, presença de fibras abundantes nos<br/>feixes vasculares da nervura central e presença de drusas. Portanto, conclui-se que a planta em estudo<br/>possui grande capacidade aclimatativa às condições analisadas (intensa luminosidade e períodos de deficit<br/>hídrico).<br/><br/>Palavras-chave: Myrtaceae; Mapirunga; Sazonalidade; Luminosidade |
| 520 ## - NOTA DE RESUMO | |
| Nota de conteúdo | <br/><br/>Abstract<br/><br/>The ecological foliar anatomy of the genus Myrcia DC. is still little studied. Myrcia guianensis (Aubl.) DC.<br/>species popularly known as mapirunga, occurs in a coastal region in the state of Ceará and has ecological<br/>importance and medicinal potential. The objective was to characterize the ecological foliar anatomy of this<br/>species in rainy and dry seasons, as well as, in the sun and shade in the Ceará’s Restinga. To do so, samples<br/>were collected in São Gonçalo Botanical Garden, with leaves totally expanded and fixed in FAA70, being<br/>replaced by 70% ethanol after 24 hours. It was followed to the usual anatomical procedures in the Ecology<br/>Laboratory of the Ceará State University, in order to qualitatively and quantitatively analyze the structures<br/>of the leaf blade, petiole and paradermal sections. The results showed the presence of characteristics that<br/>contribute to its survival in a Restinga environment with periods of water deficit and high luminosity,<br/>such as: presence of slightly thick cuticle, hypoestomatic leaf, increased stomatal density in leaves of sun,<br/>presence of abundant fibers in the vascular bundles of the central vein and presence of drusen. Therefore,<br/>it is concluded that the plant under study has a great acclimative capacity to the analyzed conditions<br/>(intense luminosity and periods of water deficit).<br/><br/>Keywords: Myrtaceae; Mapirunga; Seasonality; Luminosity |
| 650 ## - ASSUNTO - THESAGRO | |
| Cabeçalho tópico ou nome geográfico | MYRTACEAE |
| 650 ## - ASSUNTO - THESAGRO | |
| Cabeçalho tópico ou nome geográfico | VARIAÇÃO SAZONAL |
| 650 ## - ASSUNTO - THESAGRO | |
| Cabeçalho tópico ou nome geográfico | ANATOMIA VEGETAL |
| 650 ## - ASSUNTO - THESAGRO | |
| Cabeçalho tópico ou nome geográfico | ANÁLISE FOLIAR |
| 773 0# - ENTRADA ANALÍTICA | |
| Host Biblionumber | 4065 |
| Registro do item | 315987 |
| Imprenta | Santa Maria-RS Universidade Federal de Santa Maria - Centro de Pesquisas Florestais.Departamento de Ciências Florestais. Programa de Pós-Graduação em Engenharia Florestal 1991 |
| Outro identificador | 2024-2357 |
| Título | Ciência Florestal (Brazil) |
| ISSN | 0103-9954; 1980-5098 (on-line) |
| Colação | v. 30(2) p. 307-322; (Abr-Jun 2020) |
| Número de controle de registro | BR2023001744 |
| 856 ## - ACESSO E ENDEREÇO ELETRÔNICO | |
| Identificador uniforme de recurso - URI | https://www.scielo.br/j/cflo/a/qvPxNxkmNNhYvdy9mK3FHMP/?format=pdf&lang=pt |
Nenhum exemplar disponível.

BINAGRI